El guardián de los herbarios del rey (Registro nro. 1267)
[ vista simple ]
| 000 -CABECERA | |
|---|---|
| Longitud fija campo de control | 01953nam a2200337 i 4500 |
| 005 - • FECHA Y HORA DE LA ÚLTIMA TRANSACCIÓN | |
| Fecha y hora de la última transacción | 20220316235532.0 |
| 007 - • CAMPO FIJO DE DESCRIPCIÓN FÍSICA | |
| Campo fijo de descripción física | ta |
| 008 - • CÓDIGOS DE INFORMACIÓN DE LONGITUD FIJA | |
| Códigos de información de longitud fija | 200425s2002 ck a gr 001 0 spa d |
| 020 ## - • NÚMERO INTERNACIONAL NORMALIZADO PARA LIBROS | |
| Número Internacional Normalizado para Libros (ISBN) | 9586823865 |
| 040 ## - FUENTE DE LA CATALOGACIÓN | |
| Centro catalogador de origen | CO-BoRNBP |
| Lengua de catalogación | spa |
| Normas de descripción | rda |
| Centro transcriptor | CO-BoRNBP |
| 041 0# - • CÓDIGO DE LENGUA | |
| Código de lengua del texto/banda sonora o título independiente | spa |
| 082 04 - • NÚMERO DE LA CLASIFICACIÓN DECIMAL DEWEY | |
| Número de clasificación (R) | 925.9 |
| Número del ítem | S13g |
| Número de edición | 23 |
| 100 1# - • PUNTO DE ACCESO PRINCIPAL-NOMBRE DE PERSONA | |
| Nombre de persona | Schussheim, Victoria |
| Término indicativo de función | autora |
| 245 13 - • TITULO PROPIAMENTE DICHO | |
| Título | El guardián de los herbarios del rey |
| Resto del título | Jean Baptiste de Lamarck |
| Mención de responsabilidad, etc. | Victoria Schussheim, Eloy Salas |
| 250 ## - • MENCIÓN DE EDICIÓN | |
| Mención de edición | Primera edición |
| 264 #1 - PRODUCCIÓN, PUBLICACIÓN , DISTRIBUCIÓN, FABRICACIÓN Y COPYRIGHT | |
| Lugar de producción, publicación, distribución, fabricación | Bogotá, Colombia |
| Nombre del productor, editor, distribuidor, fabricante | Alfaomega |
| Fecha de de producción, publicación, distribución, fabricación o copyright | 2002 |
| 300 ## - • DESCRIPCIÓN FÍSICA | |
| Extensión | 103 páginas |
| Otras características físicas | ilustraciones |
| Dimensiones | 21 cm |
| 336 ## - TIPO DE CONTENIDO | |
| Término de tipo de contenido | texto |
| Código de tipo de contenido | txt |
| Fuente | rdacontent |
| 337 ## - TIPO DE MEDIO | |
| Nombre del tipo de medio | sin mediación |
| Código del tipo de medio | n |
| Fuente | rdamedia |
| 338 ## - TIPO DE SOPORTE | |
| Nombre del tipo de soporte | volumen |
| Código del tipo de soporte | nc |
| Fuente | rdacarrier |
| 490 0# - • MENCIÓN DE SERIE | |
| Mención de serie | Viajeros del conocimiento |
| 500 ## - • NOTA GENERAL | |
| Nota general | Incluye índice |
| 520 ## - • NOTA DE RESUMEN | |
| Resumen, etc, | Nadie duda de que la ciencia es importante para el progreso de la humanidad; lo que casi nunca nos dicen es que también es sumamente divertida. La historia de la investigación científica es tan apasionante como una buena novela de misterio o una película de acción. En este libro damos a conocer la historia y la obra de Jean Baptiste de Lamarck quien, deseoso de entender cómo se transforman las especies animales, y cómo se transmiten de padres a hijos los caracteres adquiridos durante la vida, fue uno de los primeros hombres en dar una respuesta convincente al interrogante acerca del origen de las especies. Queremos que niños y jóvenes puedan acercarse a la obra fundamental de Lamarck; para eso seleccionamos sus fragmentos importantes y los volcamos en un lenguaje claro y comprensible |
| 521 ## - • NOTA DE PÚBLICO DESTINATARIO | |
| Nota público destinatario (R ) | Recomendado a partir de los 12 años |
| 600 14 - • PUNTO DE ACCESO ADICIONAL DE MATERIA - NOMBRE DE PERSONA | |
| Nombre de persona | Lamarck, Jean Baptiste de Monet de |
| Fechas asociadas al nombre | 1744-1829 |
| Subdivisión de materia general (R ) | Crítica e interpretación |
| 650 17 - • PUNTO DE ACCESO ADICIONAL DE MATERIA - TÉRMINO DE MATERIA | |
| Término de materia o nombre geográfico como elemento inicial | Científicos |
| Subdivisión de forma | Biografías |
| Fuente del encabezamiento o término | ARMARC |
| 650 17 - • PUNTO DE ACCESO ADICIONAL DE MATERIA - TÉRMINO DE MATERIA | |
| Término de materia o nombre geográfico como elemento inicial | Naturalistas |
| Subdivisión de forma | Biografías |
| Fuente del encabezamiento o término | ARMARC |
| 650 17 - • PUNTO DE ACCESO ADICIONAL DE MATERIA - TÉRMINO DE MATERIA | |
| Término de materia o nombre geográfico como elemento inicial | Científicos franceses |
| Fuente del encabezamiento o término | ARMARC |
| 700 1# - • PUNTO DE ACCESO ADICIONAL - NOMBRE DE PERSONA | |
| Nombre de persona | Salas, Eloy |
| Término indicativo de función | autora |
| 942 ## - ENTRADA DE ELEMENTOS AGREGADOS (KOHA) | |
| Fuente de clasificaión o esquema | Dewey Decimal Classification |
| Koha [por defecto] tipo de item | LIbro |
| Perdido | Fuente de clasificación o esquema | Estado Físico | No para préstamo | Forma de adquisición | Localización permanente | Localización actual | Localización en estanterías | Fecha adquisición | Préstamos totales | Signatura completa | Código de barras | Fecha última consulta | Número de copia | Fecha del precio de reemplazo | Tipo de item de Koha |
|---|---|---|---|---|---|---|---|---|---|---|---|---|---|---|---|
| Dewey Decimal Classification | Colección General | Biblioteca Pública Dorado | Biblioteca Pública Dorado | General | 02/07/2023 | 925.9 L15s | DOR01170 | 02/07/2023 | Ej.1 | 02/07/2023 | LIbro | ||||
| Dewey Decimal Classification | Colección General | Biblioteca Pública Fuentedeoro - Henry Llanos García | Biblioteca Pública Fuentedeoro - Henry Llanos García | General | 05/18/2023 | 925.9 L15s | Fo00684 | 05/18/2023 | Ej.1 | 05/18/2023 | LIbro | ||||
| Dewey Decimal Classification | Colección General | Biblioteca Pública Lejanias | Biblioteca Pública Lejanias | General | 12/11/2025 | 925.9 S13g | LEJ01607 | 12/11/2025 | Ej.1 | 12/11/2025 | LIbro | ||||
| Dewey Decimal Classification | Colección General | Biblioteca Pública Puerto Lleras | Biblioteca Pública Puerto Lleras | General | 01/22/2025 | 925.9 L15s | PLL01788 | 01/22/2025 | Ej.1 | 01/22/2025 | LIbro | ||||
| Dewey Decimal Classification | Colección General | Biblioteca Pública Puerto López - Jorge Eliecer Gaitán | Biblioteca Pública Puerto López - Jorge Eliecer Gaitán | General | 08/30/2025 | 925.9 S13g | PLZ03084 | 08/30/2025 | Ej.1 | 08/30/2025 | LIbro | ||||
| Dewey Decimal Classification | Colección General | Biblioteca Pública San Carlos de Guaroa - Eduardo Carranza | Biblioteca Pública San Carlos de Guaroa - Eduardo Carranza | General | 07/14/2025 | 925.9 S13g | SG03745 | 07/14/2025 | Ej.1 | 07/14/2025 | LIbro | ||||
| Dewey Decimal Classification | Colección General | Biblioteca Pública El Castillo - Alfonso Meneses | Biblioteca Pública El Castillo - Alfonso Meneses | General | 08/08/2023 | 925.9 L15s | EC01310 | 08/08/2023 | Ej.1 | 08/08/2023 | LIbro | ||||
| Dewey Decimal Classification | Colección General | Biblioteca Pública Cabuyaro | Biblioteca Pública Cabuyaro | General | 07/08/2025 | 925.9 S13g | CAB001089 | 07/08/2025 | Ej.1 | 07/08/2025 | LIbro | ||||
| Dewey Decimal Classification | Colección General | Biblioteca Pública Guamal | Biblioteca Pública Guamal | General | 04/18/2023 | 925.9 L15s | GUA003229 | 04/18/2023 | Ej.1 | 04/18/2023 | LIbro | ||||
| Dewey Decimal Classification | Colección General | Biblioteca Pública Mapiripan | Biblioteca Pública Mapiripan | General | 01/10/2024 | 925.9 L15s | MAP00001594 | 01/10/2024 | Ej.1 | 01/10/2024 | LIbro | ||||
| Dewey Decimal Classification | Colección General | Biblioteca Pública Puerto Rico | Biblioteca Pública Puerto Rico | General | 04/20/2023 | 925.9 L15s | PR000001042 | 04/20/2023 | Ej.1 | 04/20/2023 | LIbro | ||||
| Dewey Decimal Classification | Colección General | Biblioteca Pública San Juan de Arama - Concepción de Arama | Biblioteca Pública San Juan de Arama - Concepción de Arama | General | 06/01/2023 | 925.9 L15s | SJA00124 | 06/01/2023 | Ej.1 | 06/01/2023 | LIbro |